Técnica constructiva

Bibliographic Details
Format: Section = Libro
Language:Undetermined
Spanish
Published: Barcelona CEAC 1983
Subjects:
LEADER 00534nam a2200205Ia 4500
008 240829s9999 xx 000 0 und d
020 |a 84-329-2602-7 
040 |a BIBLIOTECA-RUPAP Ref 690 E77 
041 |a spa 
082 |a Ref 690 E77 
245 1 0 |a Técnica constructiva 
260 |a Barcelona  |b CEAC  |c 1983 
300 |a 399 p. :il. 
650 7 |a CONSTRUCCION - EXPRESION GRAFICA DEL PROYECTO 
650 7 |b  DIBUJO, BOCETO 
650 7 |c  PLANOS Y DIBUJO 
650 7 |d  AUTOCAD. Tít. 
942 |c BK  |2 ddc 
991 |a TEXTO 
999 |c 9382